000 00821nam a22002177a 4500
003 UA-OsUOA
001 116620
007 ta
008 20160324b un ||||| |||| 00| 0 ukr d
100 _aРябоконь В.
090 _a81
_bР98
942 _cSA
040 _aUA-OsUOA
_bukr
_cUA-OsUOA
_dUA-OsUOA
245 _aФормування діяльності (стратегічної) компетентності як різновиду комунікативної на уроках української мови
300 _aС.17-21
955 _a0
041 _aukr
080 _a81
773 0 _w116619
_tУкраїнська мова і література в школі
_dК.
_d2015
_g6
650 7 _a8 Мовознавство. Художня література. Літературознавство
_2UDC
999 _c402476
_d402476